[Event "VIII Iberoamericano Mexico 2022"]
[Site "Mexico City"]
[Date "2022.02.19"]
[Round "8.7"]
[White "Leon Valdes, Jony Wilson"]
[Black "Albornoz Cabrera, Carlos Daniel"]
[Result "0-1"]
[WhiteElo "2392"]
[BlackElo "2567"]
[Annotator "TA"]
[PlyCount "100"]
[EventDate "2022.02.12"]
[EventType "swiss"]
[EventCountry "MEX"]
[SourceTitle "playchess.com"]
[Source "ChessBase"]
[SourceQuality "1"]

{[%evp 14,100,0,10,49,58,36,33,29,6,12,-22,-29,-16,-22,-24,-21,-28,-29,-26,23,28,12,10,11,-14,10,0,0,14,32,39,34,0,-7,0,0,-40,0,0,0,0,0,0,0,-12,-8,-100,-100,-141,-141,-141,-141,-1356,-1356,-1356,-1356,-1352,-1339,-1110,-1000,-778,-281,-2097,-1996,-5493,-5810,-29959,-12473,-29970,-29971,-29973,-12788,-29976,-29977,-12395,-10549,-6294,-6281,-29958,-29959,-29982,-29983,-29983,-29984,-29985,-29986,-29986,-29987]} 1. d4 Nf6 2. c4 g6 3. Nc3 d5 4. Nf3 Bg7 5. e3 O-O 6. cxd5 Nxd5 7. Qb3 Nb6 8. Be2 N8d7 {D94: Grünfeld: 4 Nf3 Bg7 5 e3.} 9. a4 {Strongly threatening a5.} a5 10. O-O e5 {White is slightly better.} 11. Rd1 Qe7 {[#]} 12. d5 $146 ({Predecessor:} 12. Qc2 exd4 13. exd4 Nf6 14. Bg5 Bf5 15. Bd3 Bxd3 16. Qxd3 Qb4 17. Bd2 Qd6 18. Nb5 {1-0 (52) Sjostam,A-Semenov,D Stockholm 1926}) 12... e4 13. Nd4 Nf6 14. Ndb5 Rd8 {Inhibits d6.} 15. Qa3 Qe5 {[%cal Rb6d5]} 16. Qc5 Rd7 (16... Ne8 $142) 17. f4 $1 $11 exf3 $1 18. Bxf3 Re7 19. Qd4 Ne8 20. Qxe5 Bxe5 21. b3 Nd6 22. Ba3 Bxc3 23. Bxd6 (23. Nxc3 $14 Rxe3 24. Rac1) 23... cxd6 24. Nxc3 Rxe3 25. Nb5 Bd7 26. Nxd6 Rxb3 27. Nxb7 Nxa4 28. d6 {[%cal Ob7c5] Threatens to win with Nc5!} Ra7 $36 {[%cal Ob3f3][%mdl 2048] White must now prevent ...Rxf3! Black fights for an advantage.} 29. Rxa4 {aiming for Rc4.} Rxf3 $1 ({Don't take} 29... Bxa4 30. Nc5 $16) ({Don't do} 29... Rbxb7 30. Rc4 (30. Bxb7 Bxa4 31. d7 Bxd7 $16) 30... Rb3 31. Rc7 Rxc7 32. dxc7 $16) 30. gxf3 (30. Rxa5 $11 Rxa5 31. Nxa5) 30... Bxa4 $17 31. d7 {[#]} Bxd7 $1 {[%mdl 512]} 32. Rxd7 {[%mdl 4096] Endgame [#] KRN-KR} Kg7 $1 {Hoping for ...a4.} 33. Nc5 {[%mdl 8192] White does not recover from this.} (33. Kf2 $17) 33... Rxd7 $19 34. Nxd7 {KN-KP} a4 {[%cal Ba5a4,Ba4a3][%mdl 32]} 35. Nc5 a3 {And now ...a2 would win.} 36. Kf2 a2 37. Nb3 Kf6 38. Ke3 $2 (38. f4 g5 39. Kf3) 38... Kf5 39. Nd4+ Kg5 40. Nc2 Kh4 {( -> ...h6)} 41. Kf2 Kh3 42. Kg1 g5 (42... f5 $142 43. f4 Kg4 44. Kf2 Kxf4 45. h4 g5 46. hxg5 Kxg5 47. Kf3 h5 48. Na1 f4 49. Ke4 Kg4 50. Kd3 h4 51. Nb3 h3 52. Nd2 a1=Q 53. Nb3 Qb1+ 54. Kc3 h2 55. Nd2 Qc1+ 56. Kd4 h1=Q 57. Ne4 Qe3+ 58. Kc4 Qhxe4+ 59. Kb5 Qb7+ 60. Kc4 Qbb3#) 43. Na1 f5 {[%cal Bf7f5,Bf5f4,Bf4f3,Bf3f2][%mdl 32]} 44. Nc2 f4 45. Na1 h5 {[%cal Bh7h5,Bh5g4][%mdl 32]} 46. Nc2 g4 {Black mates.} 47. fxg4 hxg4 48. Na1 f3 (48... g3 49. hxg3 fxg3 50. Kh1 $11) 49. Nc2 {[#]} f2+ $1 {[%mdl 64] Deflection, Promotion} ({Not} 49... g3 50. hxg3 Kxg3 51. Kf1 $11) 50. Kxf2 Kxh2 {Weighted Error Value: White=0.91/Black=0.16 (very precise)} 0-1

[Event "VIII Iberoamericano Mexico 2022"]
[Site "Mexico City"]
[Date "2022.02.19"]
[Round "8.8"]
[White "Cuenca Jimenez, Jose Fernando"]
[Black "Valdes Romero, Leonardo"]
[Result "1-0"]
[WhiteElo "2552"]
[BlackElo "2404"]
[Annotator "TA"]
[PlyCount "65"]
[EventDate "2022.02.12"]
[EventType "swiss"]
[EventCountry "MEX"]
[SourceTitle "playchess.com"]
[Source "ChessBase"]
[SourceQuality "1"]

{[%evp 22,65,42,40,41,43,47,39,45,1,100,79,125,76,98,95,91,85,139,128,163,118,147,131,132,122,104,110,110,106,142,124,142,166,925,916,1045,1051,1029,1022,1046,1055,1106,1102,1106,1067]} 1. d4 Nf6 2. c4 c5 3. d5 e6 4. Nc3 exd5 5. cxd5 d6 6. Nf3 g6 7. Bf4 Bg7 8. Qa4+ Bd7 9. Qb3 Qc7 10. e4 O-O 11. Nd2 $1 {The main line 11.Nd2 scores better than 11.Be2.} Nh5 12. Be3 f5 {A70: Modern Benoni: 6 e4 g6 7 Nf3.} 13. exf5 Bxf5 14. Be2 {Threatens to win with g4.} Nf6 {Inhibits g4. White is slightly better.} 15. h3 (15. Bf4 $14) 15... a6 (15... Na6 $1 $11 {remains equal.}) 16. a4 $1 $16 {Black is now going downhill.} (16. g4 Bc8 $11) 16... h5 ({Black should try} 16... Qe7) 17. Nc4 ({White should play} 17. Qd1) 17... Nbd7 18. Bf4 Ne8 {[%cal Of5h3] [#]} 19. Bh2 $1 {[#] g4 is the strong threat.} h4 $146 (19... Ndf6 $142) ({Predecessor:} 19... Ndf6 20. Ne3 Be4 21. f3 Bf5 22. Nxf5 gxf5 23. Qc2 Nd7 24. O-O f4 25. Ne4 Bh6 {1-0 (49) Gonzalez Garcia,J (2508)-Rojas Keim,L (2437) Barcelona 2010}) 20. O-O Rb8 21. Bg4 (21. Rfe1 $18) 21... b5 22. Bxf5 gxf5 23. axb5 axb5 24. Nxb5 {Strongly threatening Rfe1.} Qb7 {[%csl LRb5,LRd5] [#]} 25. Ra5 $36 {[%mdl 2048] Black is under strong pressure. White is much more active. Black has bad knights.} ({Much less strong is} 25. Ncxd6 Nxd6 26. Bxd6 Qxb5 $14) ({Don't play} 25. Bxd6 Qxb5 26. Qxb5 Rxb5 27. Bxf8 Nxf8 $14) 25... f4 26. Qd3 Ne5 27. Nxe5 Bxe5 {[#]} (27... dxe5 28. d6 Rf7) 28. Ra7 $1 $18 {White is clearly winning.} c4 (28... Rf7 29. Qg6+) 29. Qg6+ Ng7 30. Rxb7 Rxb7 31. Na3 Rb4 32. Qe4 Bxb2 33. Nc2 {Weighted Error Value: White=0.07 (flawless) /Black=0.34} 1-0

[Event "VIII Iberoamericano Mexico 2022"]
[Site "Mexico City"]
[Date "2022.02.19"]
[Round "8.9"]
[White "Gonzalez Zamora, Juan Carlos"]
[Black "Sanchez Alvarez, Roberto Carlos"]
[Result "1/2-1/2"]
[WhiteElo "2544"]
[BlackElo "2407"]
[Annotator "TA"]
[PlyCount "67"]
[EventDate "2022.02.12"]
[EventType "swiss"]
[EventCountry "MEX"]
[SourceTitle "playchess.com"]
[Source "ChessBase"]
[SourceQuality "1"]

{[%evp 9,67,2,8,-15,-10,-16,12,-30,-31,-25,-32,-30,-25,-46,0,0,0,0,8,8,11,16,2,0,18,12,10,0,0,0,0,0,0,0,0,0,0,0,0,0,0,0,0,0,0,0,8,0,2,2,11,0,0,0,0,0,0,0,0,0]} 1. d4 Nf6 2. Nf3 d5 3. Bf4 c5 4. e3 Nc6 5. dxc5 e6 (5... Bg4 {looks sharper.} 6. Qd3 e6 7. Ne5 Bxc5 8. Qb5 Qb6) 6. Nbd2 {D02: 1 d4 d5 2 Nf3 sidelines, including 2...Nf6 3 g3 and 2...Nf6 3 Bf4.} Bxc5 7. a3 Bd6 8. Bg5 (8. Bxd6 $142 Qxd6 9. c4) 8... h6 $11 9. Bh4 O-O 10. c4 {[#]} Be7 $146 ({Predecessor:} 10... g5 11. Bg3 g4 12. Nd4 e5 13. Nb5 Be7 14. cxd5 Nxd5 15. Qc2 Be6 16. Bc4 Qd7 {½-½ (58) Nucci,L (2281)-Sacerdotali,S (2246) IECG email 2003}) 11. Rc1 a6 (11... d4 $1 $15) 12. Bd3 {The position is equal.} dxc4 13. Bxc4 Nh5 14. Bxe7 Qxe7 15. O-O Rd8 16. Be2 e5 17. Qc2 Nf6 18. Nc4 Bg4 19. h3 Bh5 20. Rfd1 e4 21. Nh2 {[%cal Bf3h2,Bh2f1,Bf1g3][%mdl 32]} Bxe2 22. Qxe2 Rxd1+ 23. Rxd1 b5 24. Nd2 Qe6 25. Nhf1 Rd8 26. Nb1 Rxd1 27. Qxd1 Nd5 28. Nbd2 f5 29. Nb3 Nce7 30. Ng3 f4 31. exf4 e3 {[#] aiming for ...exf2+.} 32. Qf3 exf2+ 33. Qxf2 Nxf4 34. Qxf4 {Weighted Error Value: White=0.04 (flawless) /Black=0.03 (flawless)} 1/2-1/2

[Event "VIII Iberoamericano Mexico 2022"]
[Site "Mexico City"]
[Date "2022.02.19"]
[Round "8.10"]
[White "Corrales Jimenez, Zenia"]
[Black "Quesada Perez, Luis Ernesto"]
[Result "1-0"]
[WhiteElo "2151"]
[BlackElo "2517"]
[Annotator "TA"]
[PlyCount "93"]
[EventDate "2022.02.12"]
[EventType "swiss"]
[EventCountry "MEX"]
[SourceTitle "playchess.com"]
[Source "ChessBase"]
[SourceQuality "1"]

{[%evp 14,93,32,7,12,0,14,0,24,16,110,129,104,104,150,158,151,147,164,166,185,191,188,217,214,218,207,215,201,180,216,212,219,210,230,245,235,230,225,222,227,185,232,225,236,155,144,137,119,129,241,258,268,257,258,236,284,243,346,332,415,406,547,458,500,398,908,902,858,856,1061,1064,986,881,870,848,882,881,927,931,956,932]} 1. e4 c5 2. Nf3 d6 3. d4 Nf6 4. Bb5+ Nbd7 5. Nc3 cxd4 6. Qxd4 e5 7. Qd3 h6 8. Be3 a6 {B51: Sicilian: Moscow Variation (3 Bb5+) without 3...Bd7.} 9. Bc4 b5 10. Bb3 Bb7 {The position is equal.} 11. a4 {With the idea 0-0.} b4 {[#]} (11... Qa5 $11 {remains equal.}) 12. Qc4 $1 $16 {[%csl Gb3,LRb4,LRf7][%cal Rc4f7] White is more active.} d5 13. Nxd5 $40 {[%mdl 128] White has strong attack.} Nxd5 (13... Rc8 $142 14. Qd3 Bc5) 14. exd5 {[%cal Od5d6] [#]} Bd6 $146 ({Predecessor:} 14... Rc8 15. Qe2 Bd6 16. Nd2 O-O 17. Ne4 Nc5 18. Nxc5 Bxc5 19. O-O-O Qd6 20. Rhe1 Rfe8 {1-0 (47) Arkhipov,S (2520)-Obukhov,A (2490) Azov 1993}) 15. O-O-O O-O 16. g4 {[%cal Bg2g4,Bg4g5,Bg5h6][%mdl 32]} Rc8 {[#]} 17. Qe2 Re8 18. g5 e4 19. Nd4 Nc5 ({Not} 19... hxg5 20. h4 g4 21. Qxg4) 20. gxh6 g6 21. h4 {[%cal Bh2h4,Bh4h5][%mdl 32]} Kh7 22. h5 Nxb3+ 23. Nxb3 Re5 24. hxg6+ fxg6 25. Rhg1 {[%cal Og1g6] Black must now prevent Rxg6!} Qf6 26. Qg4 {Na5 is the strong threat.} Qf5 27. Qxf5 Rxf5 28. Nd4 {[%cal Bb3d4,Bd4e6,Be6f4,Bf4d5,Bd5b4][%mdl 32]} Rxd5 29. Ne6 {To avoid Bc5} Be7 30. Nf4 Rxd1+ 31. Rxd1 Bc6 {To avoid Rd7} (31... Rd8 $16 {was called for.}) 32. Nd5 $18 Bh4 33. Nxb4 Bxa4 34. b3 Bb5 35. c4 a5 {[#]} (35... Be7 $142) 36. Rd5 $1 Be8 (36... Bxc4 37. bxc4) 37. Rxa5 {Hoping for Ra7+.} g5 38. Ra6 Bf7 39. Nc6 Re8 $2 (39... Rc7 40. Ne5 Bh5) 40. Ra7 {White is clearly winning.} Kg6 41. h7 g4 {[#]} 42. Ne5+ $1 {[%mdl 512]} Kxh7 43. Nxf7 {Threatens to win with Nd6+.} Kg6 44. Nd6 Rb8 45. Kc2 Rf8 46. Nxe4 Re8 47. Ra6+ {Weighted Error Value: White=0.09 (flawless) /Black=0.34} 1-0

[Event "VIII Iberoamericano Mexico 2022"]
[Site "Mexico City"]
[Date "2022.02.19"]
[Round "8.11"]
[White "Diaz Perez, Michel Alejandro"]
[Black "Santos, Jose Guilherme B Lim"]
[Result "1-0"]
[WhiteElo "2459"]
[BlackElo "2363"]
[Annotator "TA"]
[PlyCount "69"]
[EventDate "2022.02.12"]
[EventType "swiss"]
[EventCountry "MEX"]
[SourceTitle "playchess.com"]
[Source "ChessBase"]
[SourceQuality "1"]

{[%evp 11,69,3,13,14,14,13,10,26,15,19,15,6,23,23,17,10,43,43,45,25,64,73,59,91,93,87,124,139,107,74,78,78,77,69,68,0,0,0,0,0,0,0,0,0,0,5,77,67,47,72,252,252,612,592,572,566,570,554,381,61]} 1. d4 Nf6 2. c4 e6 3. Nf3 d5 4. Nc3 dxc4 5. e3 a6 6. a4 Bb4 7. Bxc4 {D24: Queen's Gambit Accepted: 3 Nf3 Nf6 4 Nc3.} b6 {is recently more successful than 7...0-0.} 8. O-O Bb7 {To avoid e4} 9. Qe2 {The position is equal.} O-O 10. Rd1 Nbd7 11. Ne5 Qe7 12. Nxd7 Qxd7 13. f3 Qe7 14. e4 e5 15. Be3 {[#]} Rfd8 $146 ({Predecessor:} 15... exd4 16. Bxd4 Bc5 17. Qf2 Bxd4 18. Rxd4 c6 19. Re1 c5 20. Rd2 Nh5 21. g3 Rad8 {1-0 (67) Cebalo,M (2509)-Loncar,R (2424) Zagreb 2009}) 16. dxe5 Bxc3 17. bxc3 Qxe5 18. Rd4 c5 19. Rxd8+ Rxd8 20. Rd1 Rxd1+ 21. Qxd1 {Threatens to win with Qd8+.} Qe7 {Prevents Qd8+.} 22. Bg5 {White is more active.} h6 23. Bxf6 (23. Bh4 $14) 23... Qxf6 $11 24. Qd7 {Black must now prevent Qe8+.} Bc6 25. Qc8+ Kh7 26. e5 Qf4 27. Bxf7 Qxf7 28. Qxc6 {[%mdl 4096] Endgame KQ-KQ} Qf4 {[#]} (28... Qb3 $11) 29. Qd5 $1 $16 ({Don't play} 29. Qxb6 Qc1+ 30. Kf2 Qd2+ 31. Kf1 Qd1+ 32. Kf2 Qd2+ 33. Kg3 Qg5+ 34. Kh3 Qh5+ 35. Kg3 Qg5+ 36. Kh3 Qh5+ 37. Kg3 Qg5+ $11) 29... Qe3+ 30. Kf1 {e6 is the strong threat.} b5 $2 {Black cannot hold the game after this.} (30... Qc1+ $16 {was worth a try.} 31. Ke2 Qc2+ 32. Kf1 Qc1+ 33. Ke2 Qc2+ 34. Qd2 Qxa4) 31. axb5 $18 axb5 {[#]} (31... Qc1+ 32. Kf2 Qc2+ 33. Kg3 Qg6+ 34. Kf4 axb5) 32. e6 $1 {aiming for Qf5+.} b4 33. cxb4 cxb4 34. Qf5+ Kh8 35. Qf8+ {Weighted Error Value: White=0.04 (flawless) /Black=0.36} 1-0

[Event "VIII Iberoamericano Mexico 2022"]
[Site "Mexico City"]
[Date "2022.02.19"]
[Round "8.12"]
[White "Capo Vidal, Uriel"]
[Black "Fier, Alexandr"]
[Result "0-1"]
[WhiteElo "2306"]
[BlackElo "2583"]
[Annotator "TA"]
[PlyCount "110"]
[EventDate "2022.02.12"]
[EventType "swiss"]
[EventCountry "MEX"]
[SourceTitle "playchess.com"]
[Source "ChessBase"]
[SourceQuality "1"]

{[%evp 19,110,-10,0,-7,-21,-14,-22,-35,-18,-57,-40,-61,-61,-37,-21,-41,-48,-49,-19,-16,-10,-31,0,0,0,0,50,0,0,-43,-43,-46,0,0,56,53,67,63,86,91,97,95,268,227,432,-79,-97,-155,-116,-155,-159,-149,-143,-150,-122,-156,-150,-124,-8,-245,-213,-206,-214,-195,-182,-232,-232,-232,-235,-229,-196,-213,-206,-376,-221,-506,-273,-253,-160,-791,-787,-679,-665,-614,-524,-524,-524,-29968,-29968,-29973,-29972,-29991,-29992]} 1. d4 Nf6 2. c4 g6 3. Nc3 d5 4. Nf3 Bg7 5. Bg5 dxc4 6. e4 c5 7. d5 b5 {[%cal Bb7b5,Bb5b4][%mdl 32]} 8. e5 b4 9. exf6 exf6 10. Qe2+ Kf8 11. Be3 {D91: Grünfeld: 4 Nf3 Bg7 5 Bg5.} bxc3 12. bxc3 Ba6 (12... Qxd5 13. Rd1 (13. Qxc4 Qxc4 14. Bxc4 Be6 $14) 13... Qe6 14. Bxc5+ Ke8 15. Nd4 Qxe2+ 16. Bxe2 $16) 13. Qd2 {The position is equal.} Nd7 {[#]} 14. Be2 $146 ({Predecessor:} 14. g3 Qa5 15. Bg2 Nb6 16. O-O Rd8 17. Nh4 Bc8 18. d6 Kg8 19. Rfe1 Be6 20. Bh6 Bxh6 21. Qxh6 Rxd6 {1-0 (55) Sande,O (2522)-Millstone,M (2350) ICCF email 1999}) 14... f5 15. O-O h6 16. d6 Rc8 17. Qc2 Qa5 (17... Qf6 18. Qa4 Nb8 19. d7 $16 (19. Bxc4 Bxc4 20. Qxc4 Qxd6 $14)) 18. Rfd1 Bf6 (18... Qxc3 $2 19. Qa4 Nb8 20. Rab1 $18) 19. Nd2 Nb6 (19... Qxc3 $2 20. Qa4 $18) (19... Bxc3 20. Rab1 (20. Rac1 Bd4 $14) 20... Ne5 21. Nf3 $14) 20. g4 Bb5 (20... Bxc3 21. Rac1 Bd4 22. Nxc4 Bxc4 23. Bxc4 Bxe3 24. fxe3 $14) 21. gxf5 Ba4 (21... Bxc3 $2 22. fxg6 Re8 23. Qf5 $18) 22. Qe4 Bc6 (22... Qxc3 $11 23. fxg6 Qc2) 23. Qg4 (23. Qf4 $14 g5 24. Qg4) 23... h5 (23... Qxc3 24. fxg6 h5 25. Qf4 $14) 24. Qh3 (24. Qf4 $11 Rg8 25. Rac1 (25. Qh6+ Ke8 $15)) 24... Bd7 $1 $15 (24... Bxc3 $2 25. fxg6 Bd7 26. Qh4 $18) 25. Nxc4 Nxc4 (25... Qa4 $1 $15 26. Qf3 gxf5) 26. Bxc4 $11 gxf5 (26... Bxf5 $11 27. Qg3 Kg7) 27. Bd5 Qa4 28. Qf3 $1 {Prevents f4.} Be5 {Inhibits Bf4.} 29. c4 Bxa1 30. Rxa1 Qc2 $2 (30... Be6 $16) 31. Bg5 $1 $18 Kg7 $2 (31... f4 32. Kh1 (32. Qxf4 Qf5 $16) (32. Be7+ Kg7 $16) 32... Rb8) 32. Be7 $2 {This bishop pair is nice.} (32. Kh1 $18 {Hoping for Rg1.} Be6 33. Rg1 Bxd5 34. Qxd5 Qe4+ 35. Qxe4 fxe4 36. d7) 32... Rh6 $1 $17 33. Kh1 (33. h3 $142) 33... Rg6 34. Rg1 Rb8 $1 35. Rxg6+ fxg6 {Dancing on a razor blade.} 36. Kg2 Qd2 37. Qg3 {[#]} Qd4 $1 {[%cal Od7e6]} 38. h3 Rb2 ({Better is} 38... a6 $17 {White should prevent ...a5.} 39. Bg5 h4) 39. Bh4 $2 {Black keeps a firm grip on the game.} (39. Bg5 $1 $11 {and White is okay.}) 39... Re2 ({And not} 39... Rxa2 40. Qg5 Qe5 41. Qd8 $11) 40. Qg5 {[#] Threatens to win with Qd8.} Re8 {Inhibits Qd8.} 41. Bg3 {Black must now prevent Bf4.} Qf6 42. Qd2 (42. Bf4 $142 Qxg5+ 43. Bxg5) 42... g5 $19 {[%cal Bg6g5,Bg5h4][%mdl 32]} 43. h4 gxh4 44. Bf4 Kh7 {aiming for ...Qg7+.} 45. Kh2 Qg6 {And now ...Qg4 would win.} 46. Be3 $2 (46. Bf3 {might work better.}) 46... Qg4 (46... Qxd6+ $142 47. Bf4 Qg6) 47. Bxc5 $2 (47. Qc3 {was necessary.}) 47... Re2 48. Qc3 f4 {Strongly threatening ...Qg3+.} 49. Qf3 (49. Bg2 $17) 49... Qg3+ 50. Qxg3 hxg3+ {KRB-KB} 51. Kg2 h4 {[%cal Bh5h4,Bh4h3,Bh3h2][%mdl 32]} 52. Kf3 Rxa2 53. Kxf4 gxf2 {Black mates.} 54. Bg2 h3 55. Bf1 h2 {Weighted Error Value: White=0.71/Black=0.30} 0-1

[Event "VIII Iberoamericano Mexico 2022"]
[Site "Mexico City"]
[Date "2022.02.19"]
[Round "8.13"]
[White "Sanchez Enriquez, Oscar Gerardo"]
[Black "Ibarra Chami, Luis Fernando"]
[Result "0-1"]
[WhiteElo "2305"]
[BlackElo "2451"]
[Annotator "TA"]
[PlyCount "56"]
[EventDate "2022.02.12"]
[EventType "swiss"]
[EventCountry "MEX"]
[SourceTitle "playchess.com"]
[Source "ChessBase"]
[SourceQuality "1"]

{[%evp 11,56,41,48,32,39,32,12,20,18,-22,-22,-27,-25,-32,-37,-29,-36,-41,-22,-112,-115,-143,-109,-107,-103,-159,-168,-166,-157,-181,-142,-299,-300,-275,-302,-321,-234,-341,-189,-322,-303,-391,-367,-362,-369,-367,2157]} 1. e4 c5 2. Nf3 Nc6 3. Nc3 Nf6 {[%cal Bg8f6,Bf6g4,Bg4e5][%mdl 32]} 4. Bb5 Qc7 5. O-O Nd4 6. Re1 a6 7. Bf1 {B30: Sicilian: 2...Nc6 3 Bb5, lines without ...g6.} Ng4 {( -> ...Nxf3+)} 8. e5 Nxf3+ {8...h5 is the modern continuation.} 9. Qxf3 {The position is equal.} Nxe5 10. Qg3 {Threatens to win with d4.} d6 11. b4 cxb4 12. Nd5 {[#]} Qc5 $146 (12... Qxc2 13. d4 Qc6 14. Nxb4 $16) ({Predecessor:} 12... Qd8 13. d4 e6 14. Nxb4 Ng6 15. Nd5 Bd7 16. c4 Qa5 17. Bb2 Bc6 18. Bc3 Qd8 {1-0 (33) Antipov,M (2586)-Khalafova,N (2303) Dubai 2017}) 13. d4 Qxd5 (13... Qxd4 14. Nc7+ Kd8 15. c3 $1 (15. Be3 Qxa1 16. Rxa1 Kxc7 $16) 15... Qxc3 16. Qxc3 bxc3 17. Nxa8 $18) 14. dxe5 dxe5 15. Bb2 (15. Rxe5 $11 {remains equal.} Qd4 16. Rb1) 15... f6 $17 16. Rad1 Qc6 17. Bd3 {[%cal Od3g6] White wants to mate with Bg6+!} (17. Qd3 $2 Be6 18. a3 bxa3 19. Bxa3 Rc8 $19) 17... Bd7 18. Re4 ({White should play} 18. Bxh7 O-O-O 19. Be4) 18... Be6 19. Rxb4 {[#]} Rd8 $1 {...a5 is the strong threat.} (19... Bxa2 20. Be4 Qe6 21. Qf3 $16 (21. Rxb7 Rc8 $14)) 20. Re1 {[%cal Od3h7]} ({Don't go for} 20. Bg6+ $2 hxg6 21. Qxg6+ Bf7 22. Rxd8+ Kxd8 $19) 20... Kf7 21. Bxe5 $2 (21. Be4 $17 Bd5 22. Bxd5+ Qxd5 23. c4) 21... fxe5 $19 22. Qxe5 Rd6 ({Wrong is} 22... Qd6 $2 23. Rf4+ Ke8 24. Rxf8+ Rxf8 25. Qxe6 $19) 23. Qh5+ g6 24. Rf4+ (24. Bxg6+ $142 hxg6 25. Qxh8) 24... Ke8 (24... Kg8 $142 25. Bxg6 hxg6 26. Rxf8+ Kxf8 27. Qxh8+ Bg8 28. Qh6+ Kf7 29. Qf4+ Ke8) 25. Bxg6+ (25. Qe5 $142 g5 26. Rf3) 25... Kd8 {aiming for ...Qc3.} 26. Qa5+ b6 {Black is winning.} 27. Qe5 Rg8 28. Be4 {[#]} Rh8 $4 {[%mdl 40960] White used his chance.  Weighted Error Value: White=0.42/Black=0.19 (very precise) . Loss on time!?} 0-1

[Event "VIII Iberoamericano Mexico 2022"]
[Site "Mexico City"]
[Date "2022.02.19"]
[Round "8.14"]
[White "Berdayes Ason, Dylan Isidro"]
[Black "Herrera Ortiz, Miguel"]
[Result "1-0"]
[WhiteElo "2445"]
[BlackElo "2297"]
[Annotator "TA"]
[PlyCount "93"]
[EventDate "2022.02.12"]
[EventType "swiss"]
[EventCountry "MEX"]
[SourceTitle "playchess.com"]
[Source "ChessBase"]
[SourceQuality "1"]

{[%evp 29,93,37,77,50,60,66,81,81,104,104,106,66,76,79,104,93,102,89,93,78,119,119,129,93,100,94,110,0,109,111,120,111,111,113,216,214,219,214,220,172,231,148,137,145,140,127,259,120,434,425,398,387,472,254,253,253,412,403,356,265,818,797,1729,660,1222,1216]} 1. d4 d5 2. c4 e6 3. Nc3 Nf6 4. cxd5 exd5 5. Bg5 Be7 6. e3 O-O 7. Bd3 c6 8. h3 Nbd7 9. Qc2 Re8 10. Nf3 Nf8 11. O-O a6 12. Rab1 Nh5 13. Bxe7 Qxe7 14. b4 Nf6 15. a4 Ng6 {[#]} 16. Rfc1 $146 {D36: Queen's Gambit Declined: Exchange Variation: Main line (5 Bg5 c6 6 Qc2).} ({Predecessor:} 16. b5 axb5 17. axb5 Bd7 18. bxc6 bxc6 19. Na4 Ne4 20. Nb6 Ra7 21. Bxe4 dxe4 22. Nd2 f5 23. Rbc1 Nh4 24. Nxd7 Rxd7 {½-½ (35) Delvos,T (1977)-Borgs,M (1968) Germany 2015}) 16... Bd7 17. b5 axb5 18. axb5 {White is better.} c5 19. dxc5 Qxc5 20. Na4 Qxc2 21. Bxc2 Ra5 22. Nd4 Ne5 23. Nb6 Be6 24. Bb3 {To avoid Nc4} h5 ({Black should play} 24... Ned7) 25. Rc7 $16 Rb8 26. h4 Ng6 27. Bc2 $36 {[%mdl 2048] White is really pushing.} Nf8 28. Bb3 ({White should try} 28. f4 $16) 28... Ne8 (28... Ng6 $11) 29. Rc5 {White is much more active. Black has bad knights.} Nf6 30. Bxd5 ({Weaker is} 30. Nxd5 Nxd5 31. Rxd5 (31. Bxd5 b6 $17) 31... Bxd5 32. Bxd5 Nd7 $15) 30... Bxd5 31. Nxd5 Nxd5 (31... N8d7 $16 32. Nxf6+ Nxf6) 32. Rxd5 $18 g6 33. Rc1 Ra2 34. Nf3 Rb2 (34... Ne6 $142 35. Rd7 Rb2) 35. Ne5 {Rc7 is the strong threat.} Ra8 36. Nd3 Rd2 37. Nf4 Rb2 (37... Rxd5 $16 38. Nxd5 Ne6) 38. Re5 (38. Rc7 $18 {is more deadly.}) 38... Ra5 $2 {[%mdl 8192]} (38... Nd7 $16 {is more resistant.} 39. Rg5 Nf6) 39. Rc8 Kg7 {[#]} (39... Ra1+ $2 40. Kh2 Kg7 41. Rc7 $18) 40. Ree8 $1 Nh7 41. Rg8+ (41. Rc7 $142 {White wants to mate with Ree7.} Nf8 42. Ree7 (42. Rxb7 Raxb5 43. Ra7 Rb7 $16)) 41... Kh6 42. Rh8 {aiming for Nh3.} Rb1+ $2 (42... Rbxb5 43. Nh3 Kg7 44. Rcg8+ Kf6 45. Rxh7 Rc5) 43. Kh2 Rbxb5 44. Nh3 Kg7 $2 {[#]} (44... b6 45. Ng5 Rxg5) 45. Rcg8+ {White is clearly winning.} Kh6 46. e4 (46. f4 $142 f6 47. Rf8) 46... Re5 47. f4 {Weighted Error Value: White=0.48/Black=0.53} 1-0